Анализ эффективности эксплуатации механизированного фонда скважин на месторождении; Проблемы геологии и освоения недр; Т. 2

Détails bibliographiques
Parent link:Проблемы геологии и освоения недр=Problems of Geology and Subsurface Development: труды XXIV Международного симпозиума имени академика М. А. Усова студентов и молодых учёных, посвященного 75-летию Победы в Великой Отечественной войне, Томск, 6-10 апреля 2020 г./ Национальный исследовательский Томский политехнический университет, Инженерная школа природных ресурсов ; гл. ред. А. С. Боев ; под ред. Е. Ю. Пасечник.— , 2020
Т. 2.— 2020.— [С. 113-115]
Auteur principal: Немцев М. Н.
Collectivité auteur: Национальный исследовательский Томский политехнический университет Инженерная школа природных ресурсов Отделение нефтегазового дела
Autres auteurs: Никульчиков А. В. Андрей Викторович (научный руководитель)
Résumé:Заглавие с экрана
Langue:russe
Publié: 2020
Collection:Современные технологии разработки нефтяных и газовых месторождений
Sujets:
Accès en ligne:http://earchive.tpu.ru/handle/11683/62924
Format: Électronique Chapitre de livre
KOHA link:https://koha.lib.tpu.ru/cgi-bin/koha/opac-detail.pl?biblionumber=631448

MARC

LEADER 00000naa2a2200000 4500
001 631448
005 20240116163818.0
035 |a (RuTPU)RU\TPU\conf\33149 
035 |a RU\TPU\conf\33148 
090 |a 631448 
100 |a 20200903d2020 k y0rusy50 ca 
101 0 |a rus 
102 |a RU 
105 |a y z 100zy 
135 |a drcn ---uucaa 
181 0 |a i  
182 0 |a b 
200 1 |a Анализ эффективности эксплуатации механизированного фонда скважин на месторождении  |f М. Н. Немцев  |g науч. рук. А. В. Никульчиков 
203 |a Текст  |c электронный 
225 1 |a Современные технологии разработки нефтяных и газовых месторождений 
300 |a Заглавие с экрана 
320 |a [Библиогр.: с. 115 (6 назв.)] 
461 1 |0 (RuTPU)RU\TPU\conf\32983  |t Проблемы геологии и освоения недр  |l Problems of Geology and Subsurface Development  |o труды XXIV Международного симпозиума имени академика М. А. Усова студентов и молодых учёных, посвященного 75-летию Победы в Великой Отечественной войне, Томск, 6-10 апреля 2020 г.  |o в 2 т.  |f Национальный исследовательский Томский политехнический университет, Инженерная школа природных ресурсов ; гл. ред. А. С. Боев ; под ред. Е. Ю. Пасечник  |d 2020 
463 1 |0 (RuTPU)RU\TPU\conf\32985  |t Т. 2  |v [С. 113-115]  |d 2020 
610 1 |a труды учёных ТПУ 
610 1 |a электронный ресурс 
610 1 |a эффективность 
610 1 |a эксплуатация 
610 1 |a скважины 
610 1 |a месторождения 
610 1 |a новое оборудование 
610 1 |a механизированный способ 
700 1 |a Немцев  |b М. Н. 
702 1 |a Никульчиков  |b А. В.  |c геолог  |c доцент Томского политехнического университета, кандидат физико-математических наук  |f 1987-  |g Андрей Викторович  |4 727  |9 20693 
712 0 2 |a Национальный исследовательский Томский политехнический университет  |b Инженерная школа природных ресурсов  |b Отделение нефтегазового дела  |3 (RuTPU)RU\TPU\col\23546 
801 2 |a RU  |b 63413507  |c 20200925  |g RCR 
856 4 |u http://earchive.tpu.ru/handle/11683/62924 
942 |c BK